[Event "OeISM Blitz U10 B"]
[Site "austriaU10b"]
[Date "2020.12.11"]
[Round "7"]
[White "NIKO2011"]
[Black "Mattfried"]
[Result "1-0"]
[WhiteElo "1825"]
[BlackElo "1698"]
[Annotator "NA RC"]
[PlyCount "137"]
[EventDate "2020.12.11"]
[EventType "blitz"]

1. e4 {[%emt 0:00:04]} e5 {[%emt 0:00:04]} 2. Nf3 {[%emt 0:00:01]} Nc6 {[%emt 0:00:02]} 3. d4 {[%emt 0:00:01]} exd4 {[%emt 0:00:02]} 4. Nxd4 {[%emt 0:00:01]} Nxd4 {[%emt 0:00:07]} 5. Qxd4 {[%emt 0:00:00]} Nf6 {[%emt 0:00:03]} 6. Bg5 {[%emt 0:00:02]} Be7 {[%emt 0:00:02]} 7. Bc4 {[%emt 0:00:01]} b6 {[%emt 0:00:07]} 8. Bxf6 {[%emt 0:00:02]} Bxf6 {[%emt 0:00:03]} 9. Qd5 {[%emt 0:00:02]} O-O {[%emt 0:00:14]} 10. Qxa8 {[%emt 0:00:04]} Bxb2 {[%emt 0:00:01]} 11. c3 {[%emt 0:00:05]} Bxa1 {[%emt 0:00:02]} 12. Qxa7 {[%emt 0:00:02]} Qe7 {[%emt 0:00:15]} 13. f3 {[%emt 0:00:18]} Bb2 {[%emt 0:00:28]} 14. Qa4 {[%emt 0:00:05]} Qc5 {[%emt 0:00:06]} 15. Qb3 {[%emt 0:00:04]} Bc1 {[%emt 0:00:14]} 16. Be2 {[%emt 0:00:43]} Qe3 {[%emt 0:00:08]} 17. Qc2 {[%emt 0:00:04]} Ba6 {[%emt 0:00:07]} 18. Kd1 {[%emt 0:00:08]} Bxe2+ {[%emt 0:00:29]} 19. Qxe2 {[%emt 0:00:03]} Qxe2+ {[%emt 0:00:05]} 20. Kxe2 {[%emt 0:00:00]} Bf4 {[%emt 0:00:12]} 21. g3 {[%emt 0:00:03]} Be5 {[%emt 0:00:02]} 22. Rd1 {[%emt 0:00:03]} Rd8 {[%emt 0:00:08]} 23. Rd3 {[%emt 0:00:02]} g6 {[%emt 0:00:05]} 24. Na3 {[%emt 0:00:02]} c6 {[%emt 0:00:05]} 25. Nc4 {[%emt 0:00:03]} Bc7 {[%emt 0:00:03]} 26. Ke3 {[%emt 0:00:16]} b5 {[%emt 0:00:03]} 27. Na3 {[%emt 0:00:09]} Bb6+ {[%emt 0:00:05]} 28. Ke2 {[%emt 0:00:03]} Kf8 {[%emt 0:00:04]} 29. Nc2 {[%emt 0:00:07]} Ke7 {[%emt 0:00:07]} 30. Nb4 {[%emt 0:00:02]} Ra8 {[%emt 0:00:13]} 31. Rd2 {[%emt 0:00:04]} Bc5 {[%emt 0:00:05]} 32. Nd3 {[%emt 0:00:05]} Bb6 {[%emt 0:00:08]} 33. Ne5 {[%emt 0:00:04]} d6 {[%emt 0:00:02]} 34. Nxc6+ {[%emt 0:00:02]} Kd7 {[%emt 0:00:02]} 35. Ne5+ {[%emt 0:00:06]} Ke6 {[%emt 0:00:02]} 36. Nd3 {[%emt 0:00:06]} Ba5 {[%emt 0:00:04]} 37. Nf4+ {[%emt 0:00:02]} Ke5 {[%emt 0:00:04]} 38. Rd5+ {[%emt 0:00:02]} Kf6 {[%emt 0:00:02]} 39. Rxd6+ {[%emt 0:00:01]} Ke7 {[%emt 0:00:03]} 40. Rd3 {[%emt 0:00:04]} Rc8 {[%emt 0:00:03]} 41. Nd5+ {[%emt 0:00:02]} Kf8 {[%emt 0:00:02]} 42. Kd2 {[%emt 0:00:04]} Rc5 {[%emt 0:00:03]} 43. Nb4 {[%emt 0:00:05]} Kg7 {[%emt 0:00:01]} 44. Nd5 {[%emt 0:00:04]} Rc6 {[%emt 0:00:02]} 45. Ne7 {[%emt 0:00:03]} Rc7 {[%emt 0:00:03]} 46. Nd5 {[%emt 0:00:03]} Rc5 {[%emt 0:00:02]} 47. Nf4 {[%emt 0:00:02]} Rc7 {[%emt 0:00:02]} 48. Ne2 {[%emt 0:00:02]} b4 {[%emt 0:00:01]} 49. cxb4 {[%emt 0:00:02]} Bxb4+ {[%emt 0:00:01]} 50. Nc3 {[%emt 0:00:04]} Ba5 {[%emt 0:00:03]} 51. Kc2 {[%emt 0:00:06]} Kf6 {[%emt 0:00:02]} 52. Kb2 {[%emt 0:00:01]} Rb7+ {[%emt 0:00:02]} 53. Ka1 {[%emt 0:00:12]} Rc7 {[%emt 0:00:03]} 54. Nd5+ {[%emt 0:00:02]} Kg7 {[%emt 0:00:03]} 55. Nxc7 {[%emt 0:00:00]} Bxc7 {[%emt 0:00:01]} 56. Kb2 {[%emt 0:00:02]} Be5+ {[%emt 0:00:02]} 57. Kb3 {[%emt 0:00:01]} Kf6 {[%emt 0:00:01]} 58. f4 {[%emt 0:00:01]} Bc7 {[%emt 0:00:01]} 59. e5+ {[%emt 0:00:01]} Ke6 {[%emt 0:00:01]} 60. Kc4 {[%emt 0:00:03]} Bb6 {[%emt 0:00:02]} 61. Kb5 {[%emt 0:00:01]} Bg1 {[%emt 0:00:02]} 62. h3 {[%emt 0:00:02]} Bh2 {[%emt 0:00:02]} 63. a4 {[%emt 0:00:02]} Bg1 {[%emt 0:00:03]} 64. a5 {[%emt 0:00:02]} Ba7 {[%emt 0:00:01]} 65. Ka6 {[%emt 0:00:03]} Bb8 {[%emt 0:00:00]} 66. Kb7 {[%emt 0:00:03]} Bxe5 {[%emt 0:00:03]} 67. fxe5 {[%emt 0:00:02]} Kxe5 {[%emt 0:00:00]} 68. a6 {[%emt 0:00:01]} Ke4 {[%emt 0:00:01]} 69. Ra3 {[%emt 0:00:01] Mattfried resigns} 1-0

[Event "OeISM Blitz U10 B"]
[Site "austriaU10b"]
[Date "2020.12.11"]
[Round "7"]
[White "mightimix"]
[Black "Philip2010"]
[Result "0-1"]
[WhiteElo "1659"]
[BlackElo "1871"]
[Annotator "NA RC"]
[PlyCount "160"]
[EventDate "2020.12.11"]
[EventType "blitz"]

1. e4 {[%emt 0:00:05]} d6 {[%emt 0:00:01]} 2. d4 {[%emt 0:00:04]} Nf6 {[%emt 0:00:01]} 3. Nc3 {[%emt 0:00:02]} e5 {[%emt 0:00:02]} 4. d5 {[%emt 0:00:03]} Be7 {[%emt 0:00:02]} 5. Nf3 {[%emt 0:00:03]} Nbd7 {[%emt 0:00:02]} 6. h3 {[%emt 0:00:03]} c6 {[%emt 0:00:05]} 7. Be3 {[%emt 0:00:04]} Qc7 {[%emt 0:00:04]} 8. Bd3 {[%emt 0:00:13]} h6 {[%emt 0:00:13] Philip2010 offers a draw} 9. Qd2 {[%emt 0:00:07]} Nf8 {[%emt 0:00:19]} 10. O-O-O {[%emt 0:00:08]} Bd7 {[%emt 0:00:12]} 11. g4 {[%emt 0:00:04]} O-O-O {[%emt 0:00:17]} 12. Kb1 {[%emt 0:00:07]} c5 {[%emt 0:00:07]} 13. g5 {[%emt 0:00:12]} hxg5 {[%emt 0:00:08]} 14. Nxg5 {[%emt 0:00:00]} Be8 {[%emt 0:00:11]} 15. f4 {[%emt 0:00:09]} N8h7 {[%emt 0:00:25]} 16. Nb5 {[%emt 0:00:06]} Bxb5 {[%emt 0:00:03]} 17. Bxb5 {[%emt 0:00:01]} Nxg5 {[%emt 0:00:02]} 18. fxg5 {[%emt 0:00:03]} Nd7 {[%emt 0:00:07]} 19. Qf2 {[%emt 0:00:10]} Rdf8 {[%emt 0:00:07]} 20. h4 {[%emt 0:00:03]} a6 {[%emt 0:00:02]} 21. Be2 {[%emt 0:00:04]} Qd8 {[%emt 0:00:12]} 22. Bg4 {[%emt 0:00:03]} Kb8 {[%emt 0:00:04]} 23. Qf5 {[%emt 0:00:04]} Nb6 {[%emt 0:00:05]} 24. h5 {[%emt 0:00:06]} f6 {[%emt 0:00:06]} 25. g6 {[%emt 0:00:11]} Nc4 {[%emt 0:00:06]} 26. Bc1 {[%emt 0:00:04]} a5 {[%emt 0:00:10]} 27. a3 {[%emt 0:00:05]} Qb6 {[%emt 0:00:03]} 28. Ka1 {[%emt 0:00:04]} Qc7 {[%emt 0:00:04]} 29. h6 {[%emt 0:00:04]} Rhg8 {[%emt 0:00:05]} 30. hxg7 {[%emt 0:00:07]} Rd8 {[%emt 0:00:06]} 31. Rh7 {[%emt 0:00:05]} Rde8 {[%emt 0:00:05]} 32. Be2 {[%emt 0:00:03]} Nb6 {[%emt 0:00:02]} 33. Bb5 {[%emt 0:00:08]} Rd8 {[%emt 0:00:03]} 34. Qe6 {[%emt 0:00:05]} Nc8 {[%emt 0:00:04]} 35. Rdh1 {[%emt 0:00:06]} Na7 {[%emt 0:00:03]} 36. Ba4 {[%emt 0:00:04]} b5 {[%emt 0:00:01]} 37. Bb3 {[%emt 0:00:02]} c4 {[%emt 0:00:02]} 38. Ba2 {[%emt 0:00:02]} Rde8 {[%emt 0:00:14]} 39. c3 {[%emt 0:00:01]} Qc8 {[%emt 0:00:02]} 40. Qxc8+ {[%emt 0:00:04]} Kxc8 {[%emt 0:00:01]} 41. Bb1 {[%emt 0:00:02]} Kd8 {[%emt 0:00:02]} 42. Bc2 {[%emt 0:00:02]} Nc8 {[%emt 0:00:02]} 43. b3 {[%emt 0:00:02]} Nb6 {[%emt 0:00:02]} 44. bxc4 {[%emt 0:00:02]} Nxc4 {[%emt 0:00:01]} 45. Ka2 {[%emt 0:00:01]} Kd7 {[%emt 0:00:02]} 46. Bd3 {[%emt 0:00:02]} Bd8 {[%emt 0:00:02]} 47. Bxc4 {[%emt 0:00:01]} bxc4 {[%emt 0:00:00]} 48. a4 {[%emt 0:00:03]} Re7 {[%emt 0:00:02]} 49. Ba3 {[%emt 0:00:01]} Rexg7 {[%emt 0:00:02]} 50. Rxg7+ {[%emt 0:00:02]} Rxg7 {[%emt 0:00:01]} 51. Rg1 {[%emt 0:00:01]} Bc7 {[%emt 0:00:02]} 52. Bc1 {[%emt 0:00:04]} Rg8 {[%emt 0:00:02]} 53. g7 {[%emt 0:00:02]} Ke8 {[%emt 0:00:02]} 54. Bh6 {[%emt 0:00:03]} Kf7 {[%emt 0:00:01]} 55. Kb2 {[%emt 0:00:01]} Bb6 {[%emt 0:00:01]} 56. Kc2 {[%emt 0:00:01]} Bxg1 {[%emt 0:00:02]} 57. Kd2 {[%emt 0:00:03]} Bc5 {[%emt 0:00:02]} 58. Ke2 {[%emt 0:00:03]} Kg6 {[%emt 0:00:02]} 59. Be3 {[%emt 0:00:03]} Bxe3 {[%emt 0:00:02]} 60. Kxe3 {[%emt 0:00:00]} Rxg7 {[%emt 0:00:01]} 61. Kf3 {[%emt 0:00:01]} f5 {[%emt 0:00:01]} 62. exf5+ {[%emt 0:00:01]} Kxf5 {[%emt 0:00:00]} 63. Ke3 {[%emt 0:00:01]} Rg3+ {[%emt 0:00:01]} 64. Kd2 {[%emt 0:00:01]} Kf4 {[%emt 0:00:01]} 65. Kc2 {[%emt 0:00:01]} e4 {[%emt 0:00:01]} 66. Kd2 {[%emt 0:00:02]} e3+ {[%emt 0:00:00]} 67. Ke2 {[%emt 0:00:01]} Ke4 {[%emt 0:00:01]} 68. Ke1 {[%emt 0:00:02]} Rg1+ {[%emt 0:00:02]} 69. Ke2 {[%emt 0:00:01]} Rg2+ {[%emt 0:00:02]} 70. Ke1 {[%emt 0:00:01]} Kd3 {[%emt 0:00:03]} 71. Kf1 {[%emt 0:00:01]} Ra2 {[%emt 0:00:02]} 72. Kg1 {[%emt 0:00:03]} e2 {[%emt 0:00:02]} 73. Kf2 {[%emt 0:00:01]} Kd2 {[%emt 0:00:02]} 74. Kf3 {[%emt 0:00:01]} e1=Q {[%emt 0:00:02]} 75. Kf4 {[%emt 0:00:01]} Qe3+ {[%emt 0:00:02]} 76. Kf5 {[%emt 0:00:01]} Qe5+ {[%emt 0:00:01]} 77. Kg6 {[%emt 0:00:01]} Kxc3 {[%emt 0:00:03]} 78. Kf7 {[%emt 0:00:02]} Rf2+ {[%emt 0:00:01]} 79. Kg6 {[%emt 0:00:01]} Qg3+ {[%emt 0:00:01]} 80. Kh5 {[%emt 0:00:02]} Rh2# {[%emt 0:00:00] Mate Mate} 0-1

[Event "OeISM Blitz U10 B"]
[Site "austriaU10b"]
[Date "2020.12.11"]
[Round "7"]
[White "Janoschluis"]
[Black "Martinovicdavid"]
[Result "0-1"]
[WhiteElo "1597"]
[BlackElo "1577"]
[Annotator "NA RC"]
[PlyCount "89"]
[EventDate "2020.12.11"]
[EventType "blitz"]

1. e4 {[%emt 0:00:03]} e5 {[%emt 0:00:07]} 2. Nf3 {[%emt 0:00:02]} Nc6 {[%emt 0:00:05]} 3. Bb5 {[%emt 0:00:02]} Bc5 {[%emt 0:00:05]} 4. Nc3 {[%emt 0:00:06]} Nf6 {[%emt 0:00:05]} 5. Nd5 {[%emt 0:00:12]} Nxd5 {[%emt 0:00:09]} 6. exd5 {[%emt 0:00:02]} Nd4 {[%emt 0:00:02]} 7. Nxd4 {[%emt 0:00:06]} Bxd4 {[%emt 0:00:05]} 8. d3 {[%emt 0:00:02]} O-O {[%emt 0:00:04]} 9. O-O {[%emt 0:00:02]} c6 {[%emt 0:00:07]} 10. Bc4 {[%emt 0:00:03]} cxd5 {[%emt 0:00:03]} 11. Bxd5 {[%emt 0:00:05]} d6 {[%emt 0:00:01]} 12. Qf3 {[%emt 0:00:09]} Qc7 {[%emt 0:00:10]} 13. Qg3 {[%emt 0:00:13]} g6 {[%emt 0:00:29]} 14. Bh6 {[%emt 0:00:04]} Re8 {[%emt 0:00:06]} 15. c3 {[%emt 0:00:22]} Bb6 {[%emt 0:00:10]} 16. Rfe1 {[%emt 0:00:11]} Bf5 {[%emt 0:00:09]} 17. Rad1 {[%emt 0:00:09]} Rab8 {[%emt 0:00:21]} 18. Be4 {[%emt 0:00:09]} Bxe4 {[%emt 0:00:14]} 19. Rxe4 {[%emt 0:00:03]} d5 {[%emt 0:00:02]} 20. d4 {[%emt 0:00:32]} dxe4 {[%emt 0:00:04]} 21. Re1 {[%emt 0:00:08]} exd4 {[%emt 0:00:05]} 22. Qxc7 {[%emt 0:00:08]} Bxc7 {[%emt 0:00:04]} 23. cxd4 {[%emt 0:00:01] Janoschluis offers a draw} Rbd8 {[%emt 0:00:11]} 24. Be3 {[%emt 0:00:07]} f5 {[%emt 0:00:08]} 25. b4 {[%emt 0:00:05]} Rd5 {[%emt 0:00:05]} 26. h3 {[%emt 0:00:06]} Bb6 {[%emt 0:00:04]} 27. Rd1 {[%emt 0:00:07]} Red8 {[%emt 0:00:03]} 28. Bg5 {[%emt 0:00:10]} R8d7 {[%emt 0:00:03]} 29. Bf6 {[%emt 0:00:02]} Bxd4 {[%emt 0:00:03]} 30. Bxd4 {[%emt 0:00:06]} Rxd4 {[%emt 0:00:02]} 31. Rxd4 {[%emt 0:00:02]} Rxd4 {[%emt 0:00:03]} 32. Kh2 {[%emt 0:00:02]} Rxb4 {[%emt 0:00:01]} 33. g4 {[%emt 0:00:02]} Ra4 {[%emt 0:00:00]} 34. gxf5 {[%emt 0:00:03]} gxf5 {[%emt 0:00:01]} 35. Kg2 {[%emt 0:00:04]} Rxa2 {[%emt 0:00:01]} 36. h4 {[%emt 0:00:06]} a5 {[%emt 0:00:01]} 37. h5 {[%emt 0:00:02]} a4 {[%emt 0:00:02]} 38. h6 {[%emt 0:00:02]} a3 {[%emt 0:00:01]} 39. Kf1 {[%emt 0:00:05]} Rb2 {[%emt 0:00:02]} 40. Kg2 {[%emt 0:00:02]} a2 {[%emt 0:00:01]} 41. Kf1 {[%emt 0:00:04]} a1=Q+ {[%emt 0:00:02]} 42. Kg2 {[%emt 0:00:01]} Qe1 {[%emt 0:00:03]} 43. Kh2 {[%emt 0:00:06]} Rxf2+ {[%emt 0:00:04]} 44. Kg3 {[%emt 0:00:05]} Qg1+ {[%emt 0:00:03]} 45. Kh4 {[%emt 0:00:04] Janoschluis offers a draw Janoschluis resigns} 0-1

[Event "OeISM Blitz U10 B"]
[Site "austriaU10b"]
[Date "2020.12.11"]
[Round "7"]
[White "Sunny3000"]
[Black "Daniel195"]
[Result "0-1"]
[WhiteElo "1578"]
[BlackElo "1626"]
[Annotator "NA RC"]
[PlyCount "170"]
[EventDate "2020.12.11"]
[EventType "blitz"]

1. e4 {[%emt 0:00:04]} e5 {[%emt 0:00:02]} 2. Nf3 {[%emt 0:00:02]} Nc6 {[%emt 0:00:02]} 3. Bb5 {[%emt 0:00:01]} a6 {[%emt 0:00:03]} 4. Bxc6 {[%emt 0:00:03]} dxc6 {[%emt 0:00:01]} 5. O-O {[%emt 0:00:01]} Bd6 {[%emt 0:00:03]} 6. Nc3 {[%emt 0:00:02]} Nf6 {[%emt 0:00:02]} 7. d4 {[%emt 0:00:04]} exd4 {[%emt 0:00:03]} 8. Nxd4 {[%emt 0:00:07]} O-O {[%emt 0:00:04]} 9. Re1 {[%emt 0:00:04]} Bg4 {[%emt 0:00:13]} 10. f3 {[%emt 0:00:03]} Bd7 {[%emt 0:00:03]} 11. e5 {[%emt 0:00:03]} Bc5 {[%emt 0:00:14]} 12. exf6 {[%emt 0:00:04]} Qxf6 {[%emt 0:00:04]} 13. Be3 {[%emt 0:00:06]} Rae8 {[%emt 0:00:02]} 14. Qd2 {[%emt 0:00:05]} Rxe3 {[%emt 0:00:05]} 15. Rxe3 {[%emt 0:00:03]} Bxd4 {[%emt 0:00:01]} 16. Rae1 {[%emt 0:00:11]} Bxe3+ {[%emt 0:00:02]} 17. Rxe3 {[%emt 0:00:02]} Rd8 {[%emt 0:00:07]} 18. Rd3 {[%emt 0:00:04]} Qe7 {[%emt 0:00:14]} 19. Ne4 {[%emt 0:00:08]} b6 {[%emt 0:00:12]} 20. Nf2 {[%emt 0:00:08]} c5 {[%emt 0:00:03]} 21. Ng4 {[%emt 0:00:03]} c4 {[%emt 0:00:08]} 22. Rd4 {[%emt 0:00:03]} b5 {[%emt 0:00:19]} 23. Rd5 {[%emt 0:00:05]} c6 {[%emt 0:00:08]} 24. Rd6 {[%emt 0:00:05]} a5 {[%emt 0:00:12]} 25. f4 {[%emt 0:00:08]} b4 {[%emt 0:00:04]} 26. Ne5 {[%emt 0:00:05]} c3 {[%emt 0:00:02]} 27. bxc3 {[%emt 0:00:05]} bxc3 {[%emt 0:00:02]} 28. Qd3 {[%emt 0:00:01]} f6 {[%emt 0:00:04]} 29. Rxd7 {[%emt 0:00:04]} Qc5+ {[%emt 0:00:07]} 30. Kf1 {[%emt 0:00:09]} Re8 {[%emt 0:00:28]} 31. Nf3 {[%emt 0:00:08]} Qa3 {[%emt 0:00:10]} 32. Qc4+ {[%emt 0:00:07]} Kh8 {[%emt 0:00:06]} 33. Qf7 {[%emt 0:00:13]} Qc1+ {[%emt 0:00:08]} 34. Kf2 {[%emt 0:00:04]} Qxc2+ {[%emt 0:00:01]} 35. Kg3 {[%emt 0:00:03]} Qg6+ {[%emt 0:00:10]} 36. Qxg6 {[%emt 0:00:11]} hxg6 {[%emt 0:00:03]} 37. Rd3 {[%emt 0:00:06]} Re2 {[%emt 0:00:12]} 38. Rxc3 {[%emt 0:00:03]} Rxa2 {[%emt 0:00:02]} 39. Rxc6 {[%emt 0:00:02]} a4 {[%emt 0:00:01]} 40. Ra6 {[%emt 0:00:07]} a3 {[%emt 0:00:01]} 41. Nd4 {[%emt 0:00:02]} Ra1 {[%emt 0:00:04]} 42. Nc2 {[%emt 0:00:02]} Ra2 {[%emt 0:00:07]} 43. Nxa3 {[%emt 0:00:02]} Rb2 {[%emt 0:00:04]} 44. Ra8+ {[%emt 0:00:03]} Kh7 {[%emt 0:00:02]} 45. Nc4 {[%emt 0:00:01]} Rb3+ {[%emt 0:00:01]} 46. Kg4 {[%emt 0:00:04]} f5+ {[%emt 0:00:01]} 47. Kg5 {[%emt 0:00:03]} Rb4 {[%emt 0:00:01]} 48. Ne3 {[%emt 0:00:04]} Rb2 {[%emt 0:00:01]} 49. Ra7 {[%emt 0:00:03]} Re2 {[%emt 0:00:01]} 50. Re7 {[%emt 0:00:03]} Re1 {[%emt 0:00:01]} 51. Re5 {[%emt 0:00:06]} Rh1 {[%emt 0:00:02]} 52. h3 {[%emt 0:00:04]} Re1 {[%emt 0:00:03]} 53. Nc4 {[%emt 0:00:04]} Rc1 {[%emt 0:00:01]} 54. Nd2 {[%emt 0:00:04]} Rd1 {[%emt 0:00:01]} 55. Nf3 {[%emt 0:00:02]} Rh1 {[%emt 0:00:02]} 56. Ra5 {[%emt 0:00:04]} Rf1 {[%emt 0:00:02]} 57. Ra7 {[%emt 0:00:05]} Rf2 {[%emt 0:00:01]} 58. Nh4 {[%emt 0:00:10]} Rf1 {[%emt 0:00:02]} 59. Ra6 {[%emt 0:00:02]} Rf2 {[%emt 0:00:01]} 60. Rxg6 {[%emt 0:00:04]} Rf1 {[%emt 0:00:01]} 61. Kxf5 {[%emt 0:00:06]} Rc1 {[%emt 0:00:04]} 62. Kg4 {[%emt 0:00:03]} Rc4 {[%emt 0:00:02]} 63. Ra6 {[%emt 0:00:02]} Kh8 {[%emt 0:00:01]} 64. Ra7 {[%emt 0:00:04]} Rc8 {[%emt 0:00:03]} 65. Nf5 {[%emt 0:00:09]} Rg8 {[%emt 0:00:03]} 66. Kg5 {[%emt 0:00:01]} g6 {[%emt 0:00:02]} 67. g4 {[%emt 0:00:01]} gxf5+ {[%emt 0:00:02]} 68. Kxf5 {[%emt 0:00:01]} Rf8+ {[%emt 0:00:01]} 69. Ke4 {[%emt 0:00:01]} Re8+ {[%emt 0:00:01]} 70. Kf3 {[%emt 0:00:01]} Re1 {[%emt 0:00:02]} 71. g5 {[%emt 0:00:04]} Rh1 {[%emt 0:00:02]} 72. Kg4 {[%emt 0:00:02]} Rg1+ {[%emt 0:00:02]} 73. Kh5 {[%emt 0:00:01]} Rh1 {[%emt 0:00:02]} 74. h4 {[%emt 0:00:01]} Rd1 {[%emt 0:00:03]} 75. f5 {[%emt 0:00:02]} Rd5 {[%emt 0:00:02]} 76. f6 {[%emt 0:00:02]} Kg8 {[%emt 0:00:03]} 77. Kg6 {[%emt 0:00:01]} Rd8 {[%emt 0:00:03]} 78. h5 {[%emt 0:00:07]} Re8 {[%emt 0:00:02]} 79. h6 {[%emt 0:00:04]} Rd8 {[%emt 0:00:04]} 80. h7+ {[%emt 0:00:02]} Kh8 {[%emt 0:00:01]} 81. Kh5 {[%emt 0:00:08]} Rf8 {[%emt 0:00:03]} 82. f7 {[%emt 0:00:04]} Rd8 {[%emt 0:00:02]} 83. g6 {[%emt 0:00:01]} Kg7 {[%emt 0:00:01]} 84. Kg5 {[%emt 0:00:03]} Rf8 {[%emt 0:00:01]} 85. Rd7 {[%emt 0:00:04]} Kh8 {[%emt 0:00:03] TimeW} 0-1

[Event "OeISM Blitz U10 B"]
[Site "austriaU10b"]
[Date "2020.12.11"]
[Round "7"]
[White "Alain 007"]
[Black "Codeman1980"]
[Result "0-1"]
[WhiteElo "1573"]
[BlackElo "1601"]
[Annotator "NA RC"]
[PlyCount "128"]
[EventDate "2020.12.11"]
[EventType "blitz"]

1. e4 {[%emt 0:00:04]} c5 {[%emt 0:00:03]} 2. Nf3 {[%emt 0:00:06]} d6 {[%emt 0:00:02]} 3. Bc4 {[%emt 0:00:05]} Nf6 {[%emt 0:00:06]} 4. Nc3 {[%emt 0:00:05]} Bg4 {[%emt 0:00:04]} 5. h3 {[%emt 0:00:04]} Bxf3 {[%emt 0:00:04]} 6. Qxf3 {[%emt 0:00:04]} e6 {[%emt 0:00:02]} 7. d3 {[%emt 0:00:08]} Nc6 {[%emt 0:00:03]} 8. Be3 {[%emt 0:00:08]} Be7 {[%emt 0:00:04]} 9. O-O {[%emt 0:00:05]} O-O {[%emt 0:00:03]} 10. Qe2 {[%emt 0:00:09]} a6 {[%emt 0:00:03]} 11. a4 {[%emt 0:00:08]} d5 {[%emt 0:00:07]} 12. exd5 {[%emt 0:00:03]} Nxd5 {[%emt 0:00:02]} 13. Nxd5 {[%emt 0:00:05]} exd5 {[%emt 0:00:02]} 14. Ba2 {[%emt 0:00:04]} Re8 {[%emt 0:00:11]} 15. Qf3 {[%emt 0:00:06]} Ne5 {[%emt 0:00:30]} 16. Qxd5 {[%emt 0:00:07]} Qxd5 {[%emt 0:00:12]} 17. Bxd5 {[%emt 0:00:03]} Rab8 {[%emt 0:00:07]} 18. Bf4 {[%emt 0:00:06]} Bd6 {[%emt 0:00:10]} 19. Rfe1 {[%emt 0:00:04]} b6 {[%emt 0:00:18]} 20. Bc6 {[%emt 0:00:14]} Nxc6 {[%emt 0:00:16]} 21. Bxd6 {[%emt 0:00:11]} Rxe1+ {[%emt 0:00:04]} 22. Rxe1 {[%emt 0:00:03]} Rc8 {[%emt 0:00:01]} 23. Bc7 {[%emt 0:00:06]} b5 {[%emt 0:00:14]} 24. axb5 {[%emt 0:00:08]} axb5 {[%emt 0:00:05]} 25. b3 {[%emt 0:00:09]} g6 {[%emt 0:00:11]} 26. Bg3 {[%emt 0:00:04]} Nd4 {[%emt 0:00:07]} 27. Re5 {[%emt 0:00:21]} Nxc2 {[%emt 0:00:10]} 28. Bh4 {[%emt 0:00:10]} Nb4 {[%emt 0:00:08]} 29. Bg5 {[%emt 0:00:13]} Nxd3 {[%emt 0:00:02]} 30. Rd5 {[%emt 0:00:06]} c4 {[%emt 0:00:08]} 31. Rxb5 {[%emt 0:00:07]} c3 {[%emt 0:00:08]} 32. Kf1 {[%emt 0:00:03]} c2 {[%emt 0:00:05]} 33. Ke2 {[%emt 0:00:03]} c1=Q {[%emt 0:00:04]} 34. Bxc1 {[%emt 0:00:03]} Nxc1+ {[%emt 0:00:01]} 35. Kf3 {[%emt 0:00:02]} Rc3+ {[%emt 0:00:05]} 36. Kg4 {[%emt 0:00:04]} Kg7 {[%emt 0:00:01]} 37. b4 {[%emt 0:00:03]} h5+ {[%emt 0:00:01]} 38. Kf4 {[%emt 0:00:06]} Kh6 {[%emt 0:00:03]} 39. f3 {[%emt 0:00:04]} Ne2+ {[%emt 0:00:03]} 40. Ke5 {[%emt 0:00:02]} Rd3 {[%emt 0:00:02]} 41. Kf6 {[%emt 0:00:05]} Rd6+ {[%emt 0:00:05]} 42. Kxf7 {[%emt 0:00:02]} Nf4 {[%emt 0:00:04]} 43. Re5 {[%emt 0:00:05]} Rd7+ {[%emt 0:00:01]} 44. Re7 {[%emt 0:00:01]} Rxe7+ {[%emt 0:00:01]} 45. Kxe7 {[%emt 0:00:00]} Nd5+ {[%emt 0:00:01]} 46. Ke6 {[%emt 0:00:04]} Nxb4 {[%emt 0:00:01]} 47. Kd6 {[%emt 0:00:02]} Kg5 {[%emt 0:00:02]} 48. Ke5 {[%emt 0:00:02]} Kh4 {[%emt 0:00:01]} 49. g3+ {[%emt 0:00:06]} Kxg3 {[%emt 0:00:01]} 50. Kf6 {[%emt 0:00:02]} h4 {[%emt 0:00:01]} 51. Kxg6 {[%emt 0:00:01]} Kxh3 {[%emt 0:00:01]} 52. Kh5 {[%emt 0:00:01]} Kg3 {[%emt 0:00:01]} 53. Kg5 {[%emt 0:00:02]} h3 {[%emt 0:00:01]} 54. f4 {[%emt 0:00:01]} h2 {[%emt 0:00:02]} 55. f5 {[%emt 0:00:00]} h1=Q {[%emt 0:00:02]} 56. f6 {[%emt 0:00:01]} Qd5+ {[%emt 0:00:02]} 57. Kg6 {[%emt 0:00:03]} Qe6 {[%emt 0:00:01]} 58. Kg7 {[%emt 0:00:02]} Qg4+ {[%emt 0:00:03]} 59. Kf7 {[%emt 0:00:02]} Qf5 {[%emt 0:00:01]} 60. Ke7 {[%emt 0:00:01]} Nd5+ {[%emt 0:00:01]} 61. Kf7 {[%emt 0:00:02]} Qxf6+ {[%emt 0:00:02]} 62. Kg8 {[%emt 0:00:01]} Ne7+ {[%emt 0:00:02]} 63. Kh7 {[%emt 0:00:01]} Qf7+ {[%emt 0:00:01]} 64. Kh8 {[%emt 0:00:04]} Qg8# {[%emt 0:00:02] Mate} 0-1

[Event "OeISM Blitz U10 B"]
[Site "austriaU10b"]
[Date "2020.12.11"]
[Round "7"]
[White "Chessroman"]
[Black "Super-Patzer"]
[Result "0-1"]
[WhiteElo "1562"]
[BlackElo "1575"]
[Annotator "NA RC"]
[PlyCount "32"]
[EventDate "2020.12.11"]
[EventType "blitz"]

1. e4 {[%emt 0:00:04]} c6 {[%emt 0:00:03]} 2. d4 {[%emt 0:00:02]} d5 {[%emt 0:00:02]} 3. exd5 {[%emt 0:00:02]} cxd5 {[%emt 0:00:02]} 4. Bd3 {[%emt 0:00:03]} Nc6 {[%emt 0:00:02]} 5. c3 {[%emt 0:00:02]} Nf6 {[%emt 0:00:04]} 6. Bf4 {[%emt 0:00:02]} e6 {[%emt 0:00:03]} 7. Nf3 {[%emt 0:00:08]} Bd6 {[%emt 0:00:03]} 8. Bg3 {[%emt 0:00:02]} O-O {[%emt 0:00:04]} 9. O-O {[%emt 0:00:05]} Bxg3 {[%emt 0:00:03]} 10. hxg3 {[%emt 0:00:02]} Re8 {[%emt 0:00:05]} 11. Qc2 {[%emt 0:00:04]} e5 {[%emt 0:00:10]} 12. dxe5 {[%emt 0:00:10]} Nxe5 {[%emt 0:00:02]} 13. Re1 {[%emt 0:00:03]} Nxf3+ {[%emt 0:00:03]} 14. gxf3 {[%emt 0:00:05]} Rxe1+ {[%emt 0:00:02]} 15. Kg2 {[%emt 0:00:03]} Qd7 {[%emt 0:00:02]} 16. Be2 {[%emt 0:00:14]} Qh3# {[%emt 0:00:04] Mate Mate} 0-1